Music Quiz

Random Music or Song Quiz

Soul Hits of the '70s - 2 Quiz Stats

 Plays Quiz not verified by Sporcle

Score 0/60 Timer 15:00
0 Plays Today
Song Artist % Correct
Proud MaryIke And Tina Turner
89.8%
Theme From ShaftIsaac Hayes
87.7%
Lean On MeBill Withers
79.6%
Back StabbersThe O'Jays
75.7%
'Freddie's Dead (Theme From ''Superfly'')'Curtis Mayfield
75.7%
992 ArgumentsThe O'Jays
75.7%
I Can See Clearly NowJohnny Nash
70.1%
Me And Mrs. JonesBilly Paul
70.1%
Are You My Woman? (Tell Me So)The Chi-Lites
69.7%
Have You Seen HerThe Chi-Lites
69.7%
A Lonely ManThe Chi-Lites
69.7%
Respect YourselfThe Staple Singers
67.3%
I'll Take You ThereThe Staple Singers
67.3%
Betcha By Golly, WowThe Stylistics
66.9%
Keep On Truckin'Eddie Kendricks
64.4%
If You Don't Know Me By NowHarold Melvin And The Blue Notes
61.3%
Will It Go Round In CirclesBilly Preston
59.5%
The World Is A GhettoWar
58.8%
I'm Gonna Love You Just A Little More BabyBarry White
53.2%
Everybody Plays The FoolThe Main Ingredient
52.5%
Keeper Of The CastleThe Four Tops
50.7%
Pillow TalkSylvia
48.6%
Clean Up WomanBetty Wright
47.9%
I GotchaJoe Tex
46.8%
Bring The Boys HomeFreda Payne
43.3%
You Brought The JoyFreda Payne
43.3%
Natural HighBloodstone
40.5%
Too Late To Turn Back NowThe Cornelius Brothers And Sister Rose
39.8%
(If Loving You Is Wrong) I Don't Want To Be RightLuther Ingram
38.4%
In The RainThe Dramatics
36.6%
Song Artist % Correct
Why Can't We Live TogetherTimmy Thomas
36.6%
Drowning In The Sea Of LoveJoe Simon
34.9%
Power Of LoveJoe Simon
34.9%
Chairman Of The BoardThe Chairmen Of The Board
34.5%
Stick-UpThe Honey Cone
33.1%
One Monkey Don't Stop No ShowThe Honey Cone
33.1%
Troglodyte (Cave Man)The Jimmy Castor Bunch
31.7%
Walkin' In The Rain With The One I LoveLove Unlimited
31.3%
Work To DoThe Isley Brothers
29.6%
Thin Line Between Love And HateThe Persuaders
26.8%
ScorpioDennis Coffey And The Detroit Guitar Band
26.8%
SuavecitoMalo
26.4%
Starting All Over AgainMel And Tim
26.1%
I've Been Lonely For So LongFrederick Knight
25.7%
I'm Doin' Fine NowNew York City
24.3%
Give Your Baby A Standing OvationThe Dells
23.6%
You're Still A Young ManTower Of Power
21.8%
The Way I Feel About ChaBobby Womack
21.1%
Jungle FeverThe Chakachas
21.1%
Armed And Extremely DangerousFirst Choice
20.4%
MisdemeanorFoster Sylvers
18.7%
Ain't Understanding MellowJerry Butler And Brenda Lee Eager
18%
Ain't Nobody HomeB.B. King
16.2%
Where Did Our Love GoDonnie Elbert
15.8%
Love JonesBrighter Side Of Darkness
15.5%
Women's Love RightsLaura Lee
14.8%
Baby Let Me Kiss YouKing Floyd
11.6%
Leaving MeThe Independents
11.6%
You've Got To Crawl (Before You Walk)The 8th Day
9.9%
HearsayThe Soul Children
8.1%

You're not logged in!

Compare scores with friends on all Sporcle quizzes.
OR
Log In

Show Comments

Extras

Top Quizzes Today


Score Distribution

Your Account Isn't Verified!

In order to create a playlist on Sporcle, you need to verify the email address you used during registration. Go to your Sporcle Settings to finish the process.

Report this User

Report this user for behavior that violates our Community Guidelines.

Details: